Najdłuższe nazwy miast w Polsce - Statystyki

Ogólne statystyki
  • Ten quiz został rozwiązany 1 879 razy
  • Średni wynik to 4 z 15
Statystyki odpowiedzi
Województwo Populacja Ilość liter Miasto % Poprawnych
Świętokrzyskie 62 903 22 Ostrowiec Świętokrzyski
75%
Łódzkie 66 519 19 Piotrków Trybunalski
60%
Śląskie 63 401 19 Siemianowice Śląskie
48%
Śląskie 34 783 19 Czechowice-Dziedzice
33%
Kujawsko-pomorskie 11 474 19 Aleksandrów Kujawski
30%
Wielkopolskie 15 124 20 Grodzisk Wielkopolski
26%
Warmińsko-mazurskie 10 089 19 Nowe Miasto Lubawskie
26%
Mazowieckie 3484 19 Nowe Miasto nad Pilicą
24%
Małopolskie 4300 20 Kalwaria Zebrzydowska
16%
Śląskie 26 522 19 Czerwionka-Leszczyny
15%
Podkarpackie 12 368 19 Sędziszów Małopolski
15%
Podkarpackie 1395 19 Baranów Sandomierski
10%
Kujawsko-pomorskie 3675 20 Janowiec Wielkopolski
8%
Dolnośląskie 4309 19 Kamieniec Ząbkowicki
6%
Wielkopolskie 1069 20 Miasteczko Krajeńskie
6%
Nie znaleziono quizów pasujących do podanych kryteriów
Rozkład punktacji
Procent ludzi z każdym wynikiem
Percentyl według liczby udzielonych odpowiedzi
Twoja historia wyników
Nie rozwiązałeś tego quizu